00000000cas 2200000zi 4500
0019.884322
003CaOODSP
00520260427141035
006m     o  d f      
007cr |||||||||||
008200205c20219999oncar p o    f0###a0eng|d
022 |a2562-9646
040 |aCaOODSP|beng|erda|cCaOODSP
043 |an-cn---
0861 |aSB1-16E-PDF
1102 |aLibrary and Archives Canada.|eauthor, |eissuing body.
222 0|aLAC data strategy
24510|aLAC data strategy.
24613|aLibrary and Archives Canada data strategy
264 1|a[Ottawa] : |bLibrary and Archives Canada = Bibliothèque et archives Canada, |c[2019]-
310 |aAnnual
336 |atext|btxt|2rdacontent
337 |acomputer|bc|2rdamedia
338 |aonline resource|bcr|2rdacarrier
3621 |aBegan with 2019/2021.
500 |aIssued also in French under title: Stratégie de données de BAC.
588 |aDescription based on: 2022.
588 |aLatest issue consulted: 2024.
61020|aLibrary and Archives Canada|vPeriodicals.
650 0|aPublic administration|zCanada|xData processing|xPlanning|vPeriodicals.
650 0|aAdministrative agencies|zCanada|xData processing|vPeriodicals.
650 0|aElectronic government information|zCanada|xManagement|xPlanning|vPeriodicals.
655 7|aPeriodicals|2lcgft
77508|tStratégie de données de BAC.|w(CaOODSP)9.884325